| 000 | 00617nam a2200241Ia 4500 | ||
|---|---|---|---|
| 003 | OSt | ||
| 005 | 20221007075732.0 | ||
| 006 | a|||||r|||| 00| 0 | ||
| 007 | ta | ||
| 008 | 221006b |||||||| |||| 00| 0 eng d | ||
| 020 |
_a0195650522 _cRs. 250/- |
||
| 024 | _a8,756 | ||
| 037 | _cTextual | ||
| 040 |
_aFLL _cFLL _beng |
||
| 041 |
_2eng _aeng |
||
| 082 | _aX, N9 | ||
| 100 | _aRamaswamy E.A. | ||
| 245 | 0 | _aQuestion of balance | |
| 260 |
_aNew Delhi _bOxford University Press India _c1999 |
||
| 300 |
_axii,267p _ccm. |
||
| 942 |
_hX, N9 _cTEXL _2CC |
||
| 999 |
_c1157177 _d1157177 |
||